GENESIS Y ESTRUCTURA DE EL CAPITAL DE MARX/

TRADUCCION DE: ZUR ENTSTEHUNGSGESCHICHTE DES MARXSCHEN KAPITAL

Uloženo v:
Podrobná bibliografie
Hlavní autor: Rosdolsky, Roman (autor)
Médium: Kniha
Témata:
Tagy: Přidat tag
Žádné tagy, Buďte první, kdo vytvoří štítek k tomuto záznamu!

MARC

LEADER 00000nam^a2200000^a^4500
001 000221717
005 20250521000000.0
009 20260310103925.493
020 |a 968-23-0096-7 
035 |a 028616 
037 |a Acervo Xavier Clavigero 
082 |a 335. 412  |b ROS 
100 |a Rosdolsky, Roman  |e (autor) 
245 1 0 |a GENESIS Y ESTRUCTURA DE EL CAPITAL DE MARX/  |c ROMAN ROSDOLSKY; TR. LEON MAMES 
264 |a MEXICO :  |b SIGLO XXI,  |c 1978 
300 |a 630p. 
336 |a texto  |b txt  |2 rdacontenido 
337 |a sin mediación  |b n  |2 rdamedio 
338 |a volumen  |b nc  |2 rdasoporte 
520 |a TRADUCCION DE: ZUR ENTSTEHUNGSGESCHICHTE DES MARXSCHEN KAPITAL 
520 |a INDICE 
649 |a XX 
650 |a Economía Política 
650 |a Marx, Karl 
910 |a Fondo General 
920 |a Impresos - Libros 
930 |a Colección General 
905 |a 101 
901 |a 028616  |b IT1  |c ACC  |i 028616  |u 20250521 
902 |a https://opac.biblio.iteso.mx/vufind/Record/000221717